Les Carnets de l'Apothicaire - Personnages par images - Statistiques

Statistiques générales
  • Ce quiz a été pris 234 fois
  • Le résultat moyen est 6 sur 12
Statistiques - réponses
Par images Réponse % Correct
Maomao
100%
Jinshi
96%
Gyokuyou
70%
Gaoshun
65%
Lakan
59%
Lishu
54%
Ah-Duo
32%
Lihaku
32%
Loulan
32%
Lihua
31%
Xiaolan
26%
Suirei
20%
Aucun quiz correspondant
Distribution des résultats
% des personnes avec chaque résultat
Percentile par nombre de réponses
Votre historique - résultats
Vous n’avez pas pris ce quiz